000 00692nam a2200289Ia 4500
005 20260324121815.0
008 008 260324s9999 xx 000 0 eng d
020 _a9781315851907
037 _aEBOOK
040 _aCRL
040 _beng
040 _cCRL
041 _2eng
041 _aeng
084 _qCRL
100 _aJohn Russell Taylor
_91121438
245 4 _aThe Second Wave (Routledge Revivals)
245 0 _bBritish Drama for the Seventies
260 _bTaylor and Francis
260 _c2013
365 _a
365 _b150
856 _uhttp://www.taylorfrancis.com/books/9781315851907
942 _cEBOOK
999 _c1756278
_d1756278